| 000 | 00503nam a2200181 i 4500 | ||
|---|---|---|---|
| 001 | 30811 | ||
| 003 | ES-MaACL | ||
| 005 | 20250809023601.0 | ||
| 007 | t| | ||
| 008 | 141103s2005 sp |||| | spa d | ||
| 100 | 1 |
_aLluís y Navas, Jaime. _972976 |
|
| 245 | 1 | 3 |
_aEl trabajo en el Código de Manú / _cJaime Lluis y Navas. |
| 260 |
_aBarcelona : _b[s.n.], _c2005. |
||
| 300 |
_a33 p. ; _c21 cm. |
||
| 650 | 7 |
_aDerecho hindú _2embne _9155828 |
|
| 852 |
_aES-MaACL _j2129-F-7 |
||
| 999 |
_c30811 _d30811 |
||